| 000 -ლიდერი |
| ფიქსირებული სიგრძის საკონტროლო ველი |
01861nam a22002177a 4500 |
| 003 - საკონტროლო ნომრის იდენტიფიკატორი |
| საკონტროლო ველი |
Ge_BSU |
| 005 - ბოლო ოპერაციის თარიღი და დრო |
| საკონტროლო ველი |
20251208211725.0 |
| 008 - ფიქსირებული სიგრძის მონაცემთა ელემენტები - ზოგადი ინფორმაცია |
| ფიქსირებული სიგრძის საკონტროლო ველი |
251208s2022 ge ||||| |||| 00| 0 geo d |
| 020 ## - წიგნის საერთაშორისო სტანდარტული ნომერი |
| International Standard Book Number |
9789941980350 |
| 041 ## - ენის კოდი |
| Language code of text/sound track or separate title |
geo |
| 080 ## - უნივერსალური ათობითი კლასიფიკაციის ინდექსი |
| Universal Decimal Classification number |
016:821.353.1 ჭ-15 |
| 100 ## - მთავარი ჩანაწერი - პიროვნების სახელი |
| Personal name |
ჭავჭავაძე, ილია |
| 9 (RLIN) |
26417 |
| 245 ## - ცნობა სათაურის შესახებ |
| Title |
თხზულებათა სრული კრებული : |
| Remainder of title |
20 ტომად. ტომი 20, საძიებლები / |
| Statement of responsibility, etc |
ილია ჭავჭავაძე; მთავარი რედაქტორი ირმა რატიანი; ტომის რედაქტორი თამარ ციციშვილი; ტომი გამოსაცემად მოამზადეს: ნანა ფრუიძემ, თამარ აბრამიშვილმა, ნათია ხუცურაულმა; დიზაინერი დათო მოსიაშვილი; შოთა რუსთაველის სახ. ქართული ლიტერატურის ინსტიტუტი. |
| 264 ## - წარმოების, გამოცემის, დისტრიბუციის და სხვა ცნობები |
| გამოცემის, წარმოების, დისტრიბუციის... ადგილი |
თბილისი : |
| გამოცემის, წარმოების, დისტრიბუციის... სახელწოდება |
საქართველოს პარლამენტის ეროვნული ბიბლიოთეკა, |
| გამოცემის, წარმოების, დისტრიბუციის... თარიღი |
2022. |
| 300 ## - ფიზიკური აღწერა |
| Extent |
604 გვ.; |
| Other physical details |
22 სმ. |
| 700 ## - ADDED ENTRY--PERSONAL NAME |
| Personal name |
რატიანი, ირმა |
| Relator term |
მთ. რედაქტორი. |
| 9 (RLIN) |
5778 |
| 700 ## - ADDED ENTRY--PERSONAL NAME |
| Personal name |
ციციშვილი, თამარ |
| Relator term |
ტომის რედაქტორი |
| 9 (RLIN) |
21324 |
| 710 ## - ADDED ENTRY--CORPORATE NAME |
| Corporate name or jurisdiction name as entry element |
შოთა რუსთაველის სახ. ქართული ლიტერატურის ინსტიტუტი. |
| 9 (RLIN) |
26416 |
| 856 ## - ELECTRONIC LOCATION AND ACCESS |
| Uniform Resource Identifier |
https://dspace.nplg.gov.ge/bitstream/1234/420280/1/Ilia_Chavchavadze_Tomi_XX.pdf |
| Link text |
ელ. ვერსია |
| 942 ## - ADDED ENTRY ELEMENTS (KOHA) |
| Source of classification or shelving scheme |
|
| Koha item type |
წიგნი |